000 00813nam a22002057a 4500
999 _c629
_d629
003 AR-CdUCM
008 190225b ||||| |||| 00| 0 spa d
040 _aMUNICIPALIDAD PROVINCIAL DEL CUSCO
_cBIBLIOTECA MUNICIPAL DEL CUSCO
041 _heng
082 _a940.53 /
_bC26
100 _aCarell, Paul
_92450
245 _a¡Ya vienen! :
_bel informe Aleman acerca de la invasión y la batalla de ochenta dias por la posesión de Francia /
260 _aMéxico :
_bHerrero ,
_c1965.
300 _a273 páginas ;
_bimágenes.
_c24 cm.
505 _aCon el alma en un hilo -- Hitler sigue creyendo en un ataque ficticio -- Oportunidades desaprovechadas -- L batalla de Tilly -- La lucha por Cherbourg...
650 _aAlemania.
_91327
650 _aHitler.
_92451
942 _2ddc
_cLIBROS
945 _awfj
_d2019-02-25